| 000 | 00763nam a22002057a 4500 | ||
|---|---|---|---|
| 005 | 20240530110552.0 | ||
| 008 | 160725s2014 ua f b 000 0 eng d | ||
| 017 |
_a2013/22235 _bمصر . دار الكتب المصرية |
||
| 020 | _a9789774115119 | ||
| 040 | _aEG-CaGPL | ||
| 082 | 0 | 4 |
_221 _a128.2\ _bم ف |
| 100 | 0 | _aمحمد سليم محمد حفنى | |
| 245 | 1 | 0 |
_aفلسفة العقل عند دونالد ديفيدسون / _cمحمد سليم محمد حفنى |
| 250 | _aط. 1 | ||
| 260 |
_aالقاهرة : _bالمكتبة المصرية للنشر و التوزيع ، _c2014 . |
||
| 300 |
_a372 ص. ؛ _c24 سم |
||
| 504 | _aيشتمل على ارجاعات ببليوجرافية | ||
| 650 | 0 | 4 | _aالعقل ( فلسفة ) |
| 942 |
_2ddc _cBK |
||
| 999 |
_c62484 _d62484 |
||